000 01349naa a22003377a 4500
001 BR8707797
003 BR-BrBNA
005 20240918175907.0
007 ta
008 230509b bl.||||| |||| 00| 0 por d
040 _aBR-BrBNA
_bpor
_cBiblioteca Nacional de Agricultura
041 _a(Pt)
072 _aK50; K10
_b3240
_b8930
090 _aK50 BR8707797
100 1 _aCarpim, M.A.
100 1 _aSouza, V.R.
100 1 _aBarrichelo, L.E.G.
111 1 _a18. Congresso Anual de Celulose e Papel
_cSao Paulo, SP (Brazil)
_d18-22 Nov 1985
245 1 _aComparacao das caracteristicas da madeira de Eucalyptus grandis e Eucalyptus saligna de diferentes procedencias
246 1 _a[Comparison between the wood of Eucalyptus grandis and Eucalyptus saligna]
246 1 _a[Tecnhnical works of the 18. Annual Congress of Cellulose and Paper]
260 3 _aSao Paulo, SP (Brasil):
_c1985.
500 _aTrabalhos tecnicos do 18. Congresso Anual de Celulose e Papel Sao Paulo, SP (Brasil): 1985. v. 1 p. 57-68 (BR8707797-AM)K50
650 _aEUCALIPTO
650 _aDENSIDADE
650 _aDENDROMETRIA
650 _aFIBRA VEGETAL
773 0 _tTrabalhos tecnicos do 18. Congresso Anual de Celulose e Papel
_wK50 BR8707797
_gSao Paulo, SP (Brasil), 1985. v. 1 p. 57-68
909 _a202404
_bLucia
_c55
_dLucia Elande
942 _cAM
_2AGRIS
999 _c318641
_d318641